000 00937nam a22002297a 4500
005 20250507145908.0
008 250507b |||||||| |||| 00| 0 eng d
020 _a978-81-7770-141-8, 978-81-7770-141-8 (hbk)
037 _cREF
040 _aAL
_cAL
041 _2Pun
_aPun
084 _aQ8441:4 153Q2.2,1-,2
_qREF
245 _aਆਹੀਆਪੂਰ ਵਾਲੀ ਪੋਥੀ
260 _aਅੰਮ੍ਰਿਤਸਰ, ਭਾਰਤ:
_bਗੁਰੂ ਨਾਨਕ ਦੇਵ ਯੂਨੀਵਰਸਿਟੀ,
_c2012.
300 _a1203 ਪ.
365 _b1200.00
_cINR
650 _aਧਰਮ
650 _aਸਿੰਘ ਧਰਮ
_9755420
700 _aਸਿੰਘ, ਪ੍ਰੀਤਮ
_eਸਮਪਾਦਕ
942 _2CC
_cREF
_hQ8441:4 153Q2.2,1-,2
_n0
999 _c1320341
_d1320341